[Event "Arco op 41st"]
[Site "Arco"]
[Date "2019.10.09"]
[Round "6"]
[White "Arifi, Krenar"]
[Black "Lukacs, Anna Kata"]
[Result "1-0"]
[WhiteElo "1739"]
[BlackElo "1900"]
[PlyCount "87"]
[EventDate "2019.10.04"]
[EventType "swiss"]
[EventRounds "9"]
[EventCountry "ITA"]
[SourceTitle "EXT 2020"]
[Source "ChessBase"]
[SourceDate "2019.10.17"]
[SourceVersion "1"]
[SourceVersionDate "2019.10.17"]
[SourceQuality "1"]

1. c4 Nf6 2. Nc3 g6 3. g3 Bg7 4. Bg2 0-0 5. d3 d6 6. e4 e5 7. Nge2 Nc6 8. 0-0 Ne8 9. Be3 f5 10. exf5 Bxf5 11. d4 Nf6 12. Qd2 Ng4 13. d5 Ne7 14. h3 Nxe3 15. Qxe3 Bd7 16. Ne4 Nf5 17. Qb3 b6 18. Qa3 a5 19. Qc3 Qc8 20. Kh2 Nd4 21. Nxd4 exd4 22. Qd2 Bf5 23. Ng5 Re8 24. g4 Bd7 25. Rae1 Rxe1 26. Rxe1 Qf8 27. Ne6 Bxe6 28. dxe6 Re8 29. f4 Kh8 30. Bd5 Qf6 31. b3 Re7 32. Kg3 c6 33. g5 Qf8 34. Bxc6 Qc8 35. Bd5 Qc5 36. Qd3 Qa3 37. f5 gxf5 38. Qxf5 Qb2 39. Be4 Qc3+ 40. Kg2 Qd2+ 41. Kf1 Kg8 42. Qxh7+ Kf8 43. Qf5+ Kg8 44. h4 1-0

[Event "EU-ch U16 Girls"]
[Site "Bratislava"]
[Date "2019.08.10"]
[Round "9"]
[White "Lukacs, Anna Kata"]
[Black "Eizaguerri Floris, Maria"]
[Result "1-0"]
[WhiteElo "1907"]
[BlackElo "2136"]
[PlyCount "95"]
[EventDate "2019.08.02"]
[EventType "swiss"]
[EventRounds "9"]
[EventCountry "SVK"]
[SourceTitle "CBM 191 Extra"]
[Source "ChessBase"]
[SourceDate "2019.09.30"]
[SourceVersion "1"]
[SourceVersionDate "2019.09.30"]
[SourceQuality "1"]

1. e4 e6 2. d4 d5 3. Nc3 Nf6 4. e5 Nfd7 5. f4 c5 6. Nf3 Nc6 7. Ne2 a6 8. c3 b5 9. g3 Qb6 10. Bh3 g6 11. 0-0 Be7 12. Kh1 b4 13. Qc2 a5 14. Be3 Ba6 15. g4 Rc8 16. Qd2 bxc3 17. bxc3 cxd4 18. Nfxd4 Nxd4 19. Bxd4 Bc5 20. Rab1 Qa7 21. Rfd1 Nb6 22. f5 Nc4 23. Qg5 Qe7 24. Qf4 Na3 25. Rb2 Bxe2 26. Rxe2 Nb5 27. Rb2 Nxd4 28. cxd4 Bb4 29. Rdb1 Rc3 30. Bf1 g5 31. Bb5+ Kf8 32. Qf2 h6 33. Rc2 h5 34. Rxc3 Bxc3 35. Qc2 Qc7 36. Rb3 Kg7 37. f6+ Kh6 38. Qxc3 Rc8 39. Qxc7 Rxc7 40. gxh5 Kxh5 41. Be2+ Kg6 42. Rh3 Kf5 43. Bd3+ Kg4 44. Rg3+ Kf4 45. Kg2 Rb7 46. Rf3+ Kg4 47. Be2 Kh4 48. Rh3# 1-0

[Event "HUN-ch U16 Girls"]
[Site "Balatonlelle"]
[Date "2019.06.25"]
[Round "4"]
[White "Lukacs, Anna Kata"]
[Black "Ivan, Reka Gyogyver"]
[Result "1-0"]
[WhiteElo "1915"]
[BlackElo "1619"]
[PlyCount "51"]
[EventDate "2019.06.22"]
[EventType "swiss"]
[EventRounds "7"]
[EventCountry "HUN"]
[SourceTitle "CBM 191 Extra"]
[Source "ChessBase"]
[SourceDate "2019.09.30"]
[SourceVersion "1"]
[SourceVersionDate "2019.09.30"]
[SourceQuality "1"]

1. e4 c6 2. c4 d5 3. exd5 cxd5 4. cxd5 Qxd5 5. Nc3 Qd8 6. d4 Nf6 7. Nf3 e6 8. Bg5 Bb4 9. a3 Bxc3+ 10. bxc3 0-0 11. Bd3 h6 12. Bh4 Nbd7 13. 0-0 Qa5 14. Rc1 b6 15. Bc2 Bb7 16. Re1 Qh5 17. Bg3 Bxf3 18. gxf3 Rac8 19. Qd3 Qd5 20. c4 Qa5 21. Kh1 Rfd8 22. Qe3 Kh8 23. Bb1 Rc6 24. Rg1 Nh5 25. Qe4 Nxg3+ 26. Rxg3 1-0

[Event "HUN-ch U16 Girls"]
[Site "Balatonlelle"]
[Date "2019.06.24"]
[Round "3"]
[White "Juhasz, Judit"]
[Black "Lukacs, Anna Kata"]
[Result "0-1"]
[WhiteElo "1963"]
[BlackElo "1915"]
[PlyCount "60"]
[EventDate "2019.06.22"]
[EventType "swiss"]
[EventRounds "7"]
[EventCountry "HUN"]
[SourceTitle "CBM 191 Extra"]
[Source "ChessBase"]
[SourceDate "2019.09.30"]
[SourceVersion "1"]
[SourceVersionDate "2019.09.30"]
[SourceQuality "1"]

1. e4 e6 2. d4 d5 3. Nd2 Be7 4. Bd3 c5 5. exd5 Qxd5 6. Ngf3 cxd4 7. Bc4 Qh5 8. Ne4 Nc6 9. 0-0 Nf6 10. Re1 Nxe4 11. Rxe4 Bf6 12. g4 Qc5 13. g5 Qxc4 14. gxf6 gxf6 15. Nxd4 Rg8+ 16. Kh1 Qd5 17. f3 e5 18. Be3 Bh3 19. Qd2 Bg2+ 20. Qxg2 Rxg2 21. Kxg2 0-0-0 22. Ne2 Rg8+ 23. Kf2 f5 24. Nc3 Qe6 25. Rh4 Qg6 26. Ke1 Qg2 27. Rd1 Qxf3 28. Bf2 Nd4 29. Bxd4 exd4 30. Ne2 Rg2 0-1

[Event "EU-ch U16 Girls 28th"]
[Site "Riga"]
[Date "2018.08.26"]
[Round "6"]
[White "Lukacs, Anna Kata"]
[Black "Rubsamen, Anais"]
[Result "1-0"]
[WhiteElo "1764"]
[BlackElo "1627"]
[PlyCount "63"]
[EventDate "2018.08.20"]
[EventType "swiss"]
[EventRounds "9"]
[EventCountry "LAT"]
[SourceTitle "CBM 186 Extra"]
[Source "ChessBase"]
[SourceDate "2018.08.24"]
[SourceVersion "1"]
[SourceVersionDate "2018.08.24"]
[SourceQuality "1"]

1. e4 g6 2. d4 Bg7 3. Nc3 c6 4. Be3 d5 5. f3 dxe4 6. fxe4 e5 7. Nf3 Bg4 8. Bc4 Bxf3 9. Qxf3 Qf6 10. 0-0-0 Qxf3 11. gxf3 exd4 12. Bxd4 Bxd4 13. Rxd4 Nd7 14. Rhd1 Nb6 15. Bb3 c5 16. Rd6 c4 17. Ba4+ Nxa4 18. Nxa4 b5 19. Nc3 a6 20. Nd5 Ra7 21. Rxa6 Rxa6 22. Nc7+ Ke7 23. Nxa6 Nf6 24. e5 Nd7 25. f4 Ra8 26. Nb4 Rc8 27. Rd6 Rc5 28. Nc6+ Ke8 29. c3 f6 30. e6 Rxc6 31. exd7+ Kd8 32. Rxc6 1-0

[Event "EU-ch U16 Girls 28th"]
[Site "Riga"]
[Date "2018.08.24"]
[Round "5"]
[White "Olde, Grete"]
[Black "Lukacs, Anna Kata"]
[Result "1-0"]
[WhiteElo "1967"]
[BlackElo "1764"]
[PlyCount "44"]
[EventDate "2018.08.20"]
[EventType "swiss"]
[EventRounds "9"]
[EventCountry "LAT"]
[SourceTitle "CBM 186 Extra"]
[Source "ChessBase"]
[SourceDate "2018.08.24"]
[SourceVersion "1"]
[SourceVersionDate "2018.08.24"]
[SourceQuality "1"]

1. e4 e6 2. d3 d5 3. Nd2 Nf6 4. Ngf3 c5 5. g3 Nc6 6. Bg2 Be7 7. 0-0 0-0 8. Re1 b6 9. e5 Nd7 10. Nf1 a5 11. h4 Ba6 12. Bf4 Rc8 13. Qd2 Qc7 14. N1h2 Rfd8 15. h5 d4 16. h6 g6 17. Ng4 Nf8 18. Bg5 c4 19. Nf6+ Kh8 20. Ne4 Bxg5 21. Nfxg5 f5 22. Nd6 Rb8 1-0

[Event "EU-ch U16 Girls 28th"]
[Site "Riga"]
[Date "2018.08.21"]
[Round "2"]
[White "Lukacs, Anna Kata"]
[Black "Jarocka, Liwia"]
[Result "0-1"]
[WhiteElo "1764"]
[BlackElo "2013"]
[PlyCount "91"]
[EventDate "2018.08.20"]
[EventType "swiss"]
[EventRounds "9"]
[EventCountry "LAT"]
[SourceTitle "CBM 186 Extra"]
[Source "ChessBase"]
[SourceDate "2018.08.24"]
[SourceVersion "1"]
[SourceVersionDate "2018.08.24"]
[SourceQuality "1"]

1. e4 c5 2. Nf3 e6 3. d4 cxd4 4. Nxd4 Nf6 5. Nc3 d6 6. Be2 Be7 7. 0-0 0-0 8. f4 Nc6 9. Nf3 a6 10. Qe1 Qc7 11. Qg3 b5 12. e5 Ne8 13. a3 Bb7 14. Bd3 g6 15. Ne4 f5 16. Neg5 Bxg5 17. Nxg5 Qe7 18. Bd2 dxe5 19. fxe5 Nc7 20. Nf3 Nd5 21. b4 Qc7 22. c4 bxc4 23. Bxc4 Rae8 24. Bh6 Rf7 25. Rac1 f4 26. Qg5 Rf5 27. Qh4 Rh5 28. Qf2 Rxh6 29. Rfd1 Qb6 30. Bxd5 Qxf2+ 31. Kxf2 exd5 32. Rxd5 Ne7 33. Rd7 Bxf3 34. Kxf3 Rxh2 35. e6 Rh5 36. Rcc7 Kf8 37. Ra7 Re5 38. Rxa6 Kg7 39. a4 Kf6 40. b5 Rb8 41. Rdd6 g5 42. b6 Nf5 43. Rd7 Rxe6 44. a5 Re7 45. Rc7 h5 46. Raa7 0-1

[Event "Brno op 7th"]
[Site "Brno"]
[Date "2017.11.16"]
[Round "7"]
[White "Lukacs, Anna Kata"]
[Black "Tajovsky, Matej"]
[Result "1/2-1/2"]
[WhiteElo "1754"]
[BlackElo "1615"]
[PlyCount "70"]
[EventDate "2017.11.11"]
[EventType "swiss"]
[EventRounds "9"]
[EventCountry "CZE"]
[SourceTitle "CBM 181 Extra"]
[Source "ChessBase"]
[SourceDate "2017.12.12"]
[SourceVersion "1"]
[SourceVersionDate "2017.12.12"]
[SourceQuality "1"]

1. d4 d5 2. Bg5 Nd7 3. e3 Ngf6 4. Nd2 e6 5. Bd3 Be7 6. f4 b6 7. Ngf3 Bb7 8. 0-0 0-0 9. Ne5 Ne4 10. Bxe7 Qxe7 11. Ndf3 c5 12. c3 f6 13. Ng4 Rae8 14. Bxe4 dxe4 15. Nd2 f5 16. Ne5 Rf6 17. Ndc4 Ba6 18. Nc6 Qf8 19. Qa4 Bxc4 20. Qxc4 cxd4 21. cxd4 Rc8 22. Qa4 Qe8 23. Rac1 Rf7 24. Nxa7 Ra8 25. Rc7 Qd8 26. Rfc1 Nc5 27. Rxf7 Nxa4 28. Rcc7 Qh4 29. Rxg7+ Kh8 30. g3 Qh5 31. Nc6 Rg8 32. Rge7 Nxb2 33. Ne5 Qd1+ 34. Kg2 Qe2+ 35. Kh3 Qh5+ 1/2-1/2

[Event "Arco op-A 39th"]
[Site "Arco"]
[Date "2017.10.14"]
[Round "8"]
[White "Joerges, Frank"]
[Black "Lukacs, Anna Kata"]
[Result "1-0"]
[WhiteElo "1869"]
[BlackElo "1758"]
[PlyCount "79"]
[EventDate "2017.10.07"]
[EventType "swiss"]
[EventRounds "9"]
[EventCountry "ITA"]
[SourceTitle "CBM 181 Extra"]
[Source "ChessBase"]
[SourceDate "2017.12.12"]
[SourceVersion "1"]
[SourceVersionDate "2017.12.12"]
[SourceQuality "1"]

1. d4 Nf6 2. Nf3 d6 3. Bf4 g6 4. h3 Bg7 5. e3 Nbd7 6. Be2 c5 7. 0-0 Qb6 8. Qc1 Nd5 9. Bg3 N7f6 10. c3 Bf5 11. Nbd2 Ne4 12. Nxe4 Bxe4 13. Nd2 Nf6 14. Nxe4 Nxe4 15. Bh2 0-0 16. Qc2 Ng5 17. Rad1 cxd4 18. exd4 Rac8 19. Qb3 Qxb3 20. axb3 h5 21. Ra1 a6 22. b4 Rc6 23. Ra5 b5 24. Rfa1 Rb8 25. Rxa6 Rxa6 26. Rxa6 Ne6 27. Ra5 Nc7 28. Ra7 Nd5 29. Bf3 Nf6 30. Rxe7 Rb6 31. Ra7 Bh6 32. Kf1 Bc1 33. Ra2 Kf8 34. Ke1 Ke7 35. Kd1 Bg5 36. Ra5 Kd7 37. c4 Bh6 38. c5 dxc5 39. bxc5 Rb8 40. Bxb8 1-0

[Event "Arco op-A 39th"]
[Site "Arco"]
[Date "2017.10.11"]
[Round "5"]
[White "Blasco, Domenico"]
[Black "Lukacs, Anna Kata"]
[Result "1/2-1/2"]
[WhiteElo "1894"]
[BlackElo "1758"]
[PlyCount "194"]
[EventDate "2017.10.07"]
[EventType "swiss"]
[EventRounds "9"]
[EventCountry "ITA"]
[SourceTitle "CBM 181 Extra"]
[Source "ChessBase"]
[SourceDate "2017.12.12"]
[SourceVersion "1"]
[SourceVersionDate "2017.12.12"]
[SourceQuality "1"]

1. d4 e6 2. Nf3 b6 3. e3 Bb7 4. Bd3 f5 5. 0-0 Nf6 6. c4 Be7 7. Nc3 Ne4 8. Nd2 Nxc3 9. bxc3 0-0 10. e4 Nc6 11. Qe2 Qe8 12. Re1 Qg6 13. Nf3 Bd6 14. e5 Be7 15. a4 h6 16. Ba3 Qf7 17. Bxe7 Nxe7 18. a5 Ng6 19. Qe3 Qe7 20. a6 Bc6 21. d5 exd5 22. Nd4 f4 23. Nxc6 fxe3 24. Nxe7+ Nxe7 25. Rxe3 dxc4 26. Bxc4+ Kh8 27. Rd1 Rad8 28. g3 Nc6 29. f4 Rfe8 30. Red3 Re7 31. Bb5 Nb8 32. R3d2 c6 33. Be2 b5 34. c4 Nxa6 35. cxb5 cxb5 36. Bxb5 Nb8 37. Rd6 Kg8 38. e6 Kf8 39. exd7 a6 40. Bxa6 Nxa6 41. Rxa6 Rexd7 42. Rxd7 Rxd7 43. Ra2 Kf7 44. Kf2 h5 45. Re2 Kf6 46. Kf3 g6 47. h3 Ra7 48. g4 hxg4+ 49. hxg4 Ra3+ 50. Re3 Ra5 51. Rb3 Ra4 52. Rb6+ Kf7 53. Rd6 Rb4 54. Rd3 Ke6 55. Ke3 Ra4 56. Rd4 Ra3+ 57. Rd3 Ra4 58. Kf3 Rb4 59. Kg3 Ra4 60. Rf3 Kf6 61. Rb3 Rc4 62. Rb6+ Kf7 63. Rd6 Ra4 64. Kf3 Rb4 65. Ke3 Ra4 66. Rd4 Ra3+ 67. Ke4 Ra1 68. Ke5 Re1+ 69. Kd5 Kf6 70. Ra4 Rd1+ 71. Ke4 Re1+ 72. Kf3 Re6 73. Ra7 Rb6 74. g5+ Ke6 75. Rg7 Kd5 76. Re7 Kd6 77. Re3 Rb5 78. Re8 Rb6 79. Kg4 Kd7 80. Re5 Rb4 81. Re1 Ra4 82. Kf3 Ra3+ 83. Re3 Rxe3+ 84. Kxe3 Ke7 85. Kd4 Kd6 86. Ke4 Ke6 87. Kf3 Kf7 88. Ke3 Ke7 89. Kf3 Kf7 90. Ke3 Ke7 91. Kd3 Kd7 92. Kd4 Kd6 93. Ke4 Ke6 94. Kf3 Kf7 95. Ke3 Ke7 96. Kd4 Kd6 97. Ke4 Ke6 1/2-1/2

[Event "Arco op-A 39th"]
[Site "Arco"]
[Date "2017.10.10"]
[Round "4"]
[White "Lukacs, Anna Kata"]
[Black "Tuerschmann, Steffen"]
[Result "0-1"]
[WhiteElo "1758"]
[BlackElo "1952"]
[PlyCount "114"]
[EventDate "2017.10.07"]
[EventType "swiss"]
[EventRounds "9"]
[EventCountry "ITA"]
[SourceTitle "CBM 181 Extra"]
[Source "ChessBase"]
[SourceDate "2017.12.12"]
[SourceVersion "1"]
[SourceVersionDate "2017.12.12"]
[SourceQuality "1"]

1. e4 d6 2. d4 Nf6 3. Nc3 g6 4. f4 c6 5. Nf3 Bg7 6. Bd3 0-0 7. 0-0 b5 8. Qe1 e6 9. Qh4 Nfd7 10. Qg3 b4 11. Ne2 f5 12. e5 d5 13. Qh3 Re8 14. g4 Nf8 15. gxf5 exf5 16. Bd2 Qb6 17. c3 a5 18. Kh1 Ba6 19. Ne1 Nbd7 20. Rg1 Bxd3 21. Nxd3 bxc3 22. Bxc3 Ne6 23. Qg3 c5 24. dxc5 Ndxc5 25. Rad1 Ne4 26. Qf3 Rac8 27. Be1 Red8 28. Bf2 Qb7 29. Nd4 Nxd4 30. Bxd4 Rc4 31. Qe3 Rdc8 32. Rc1 Qb5 33. Rxc4 Rxc4 34. h4 Rc6 35. h5 Qb7 36. hxg6 hxg6 37. Nf2 Bf8 38. Nxe4 dxe4 39. Qh3 Qh7 40. Qxh7+ Kxh7 41. Bc3 a4 42. Rd1 a3 43. Rd7+ Kg8 44. Kg1 Bh6 45. Ra7 axb2 46. Bxb2 Bxf4 47. Kf1 Be3 48. Re7 Bc5 49. Rb7 Ra6 50. Rc7 Be3 51. a3 Kf8 52. Rb7 Rb6 53. Rxb6 Bxb6 54. Bc1 Bd8 55. a4 Kf7 56. Kf2 Ke6 57. Bb2 Bc7 0-1

[Event "HUN-ch U14 Girls"]
[Site "Balatonlelle"]
[Date "2016.06.27"]
[Round "5"]
[White "Lukacs, Anna Kata"]
[Black "Kovacs, Lilla"]
[Result "0-1"]
[WhiteElo "1598"]
[BlackElo "1647"]
[PlyCount "148"]
[EventDate "2016.06.24"]
[EventType "tourn"]
[EventRounds "9"]
[EventCountry "HUN"]
[SourceTitle "CBM 173 Extra"]
[Source "ChessBase"]
[SourceDate "2016.08.29"]
[SourceVersion "1"]
[SourceVersionDate "2016.08.29"]
[SourceQuality "1"]

1. e4 c6 2. c4 d5 3. cxd5 cxd5 4. exd5 Qxd5 5. Nc3 Qd8 6. d4 Nf6 7. Nf3 a6 8. Bc4 e6 9. 0-0 Be7 10. a3 0-0 11. Bd3 Nbd7 12. Bc2 b5 13. d5 exd5 14. Nxd5 Bb7 15. Nxe7+ Qxe7 16. Bg5 Rfe8 17. Nd4 Qe5 18. Be3 Rad8 19. b4 Be4 20. Bxe4 Qxe4 21. Qf3 Qxf3 22. Nxf3 Ne5 23. Nxe5 Rxe5 24. Rad1 Red5 25. Ra1 h6 26. h3 Ne4 27. Rfc1 Nd2 28. Bxd2 Rxd2 29. Rc6 R8d6 30. Rac1 Kh7 31. Kf1 R2d3 32. Rxd6 Rxd6 33. Rc3 Kg6 34. Rf3 Re6 35. g3 f5 36. Kg2 Rc6 37. g4 fxg4 38. hxg4 Rc4 39. Kh3 Rc1 40. Rd3 Kh7 41. Kg2 Rc6 42. Kg3 Kg6 43. f4 Kf6 44. Kf3 g6 45. Re3 Re6 46. Rd3 Rc6 47. Kg3 h5 48. gxh5 gxh5 49. Kh4 Kf5 50. Kxh5 Kxf4 51. Rh3 Ke4 52. Kg5 Kd4 53. Rh4+ Kc3 54. Kf5 Kb3 55. Ke5 Kxa3 56. Kd5 Rg6 57. Kc5 Ka4 58. Rf4 a5 59. bxa5+ Kxa5 60. Rh4 Rg8 61. Rh5 Rc8+ 62. Kd4 Ka4 63. Rh3 b4 64. Rh7 b3 65. Ra7+ Kb4 66. Rb7+ Ka3 67. Ra7+ Kb2 68. Rb7 Kc2 69. Rh7 b2 70. Rh2+ Kb3 71. Rh7 b1Q 72. Rb7+ Kc2 73. Rxb1 Kxb1 74. Ke5 Rd8 0-1

[Event "HUN-chT U10"]
[Site "Budapest"]
[Date "2015.08.29"]
[Round "7.3"]
[White "Lukacs, Anna Kata"]
[Black "Juhasz, Agoston Botond"]
[Result "1/2-1/2"]
[WhiteElo "1413"]
[BlackElo "1518"]
[PlyCount "138"]
[EventDate "2015.08.26"]
[EventType "team-swiss"]
[EventRounds "8"]
[EventCountry "HUN"]
[SourceTitle "EXT 2016"]
[Source "ChessBase"]
[SourceDate "2015.10.08"]
[SourceVersion "1"]
[SourceVersionDate "2015.10.08"]
[SourceQuality "1"]

1. e4 c6 2. d4 d5 3. exd5 cxd5 4. c4 Nf6 5. Nc3 e6 6. Bf4 Nc6 7. Nf3 Bb4 8. Be2 0-0 9. 0-0 a6 10. Bg5 Be7 11. a3 dxc4 12. Bxc4 b5 13. Ba2 b4 14. axb4 Nxb4 15. Bc4 Bb7 16. Rc1 Bxf3 17. gxf3 Qd7 18. Kh1 Rfd8 19. Ne2 Qb7 20. Nf4 e5 21. Ng2 Rxd4 22. Qb3 Rf8 23. Rfe1 Qb8 24. Ra1 Nd3 25. Rf1 Qxb3 26. Bxb3 Rb8 27. Bc2 Rxb2 28. Bxd3 Rxd3 29. Ne3 Ra3 30. Rac1 h6 31. Bxf6 Bxf6 32. Nc4 Rbb3 33. Nxa3 Rxa3 34. Kg2 Rb3 35. Rb1 Rc3 36. Rfc1 Rxc1 37. Rxc1 Kh7 38. Ra1 Bg5 39. Rxa6 f6 40. Ra4 Kg6 41. Kf1 Bf4 42. Kg1 Kg5 43. Ra7 g6 44. Rg7 Kf5 45. h4 Bd2 46. Kf1 Bf4 47. Ke2 Bh2 48. Kd3 h5 49. Rb7 Bg1 50. Ke2 Bh2 51. Rb1 Bf4 52. Rg1 Bh6 53. Kd3 g5 54. Rh1 g4 55. fxg4+ hxg4 56. Rg1 Kf4 57. Ke2 f5 58. Rg3 e4 59. Rb3 Ke5 60. Rb6 Bg7 61. h5 f4 62. Rg6 Bf6 63. Rxg4 Kf5 64. Rg1 Bg5 65. Rh1 Bh6 66. Rb1 Kg4 67. Rb5 e3 68. f3+ Kh4 69. Rf5 Bg5 1/2-1/2